000 00666nam a22001937a 4500
999 _c170318
_d170318
010 _aB-731153
020 _a9788129145123
_c195.00
035 _aB-731153
037 _adpl
_bDBAD/Pub
082 _a574.5
100 _aVachharajani, Bijal
245 _aSo you want to know about the environment/
_cby Bijal Vachharajani ; illustrated by Sayan Mukherjee
260 _aNew Delhi
_bRed Turtle
_c2017
270 _a7/16, Ansari Road, Daryaganj
_bNew Delhi
_e110002
300 _a170p.
_c19cm(pbk)
_bill.
700 _aMukherjee, Sayan
942 _2ddc
_cCH
_mVAC
_h574.5